000 00317 a2200133 4500
000 nam a22 7a 4500
100 _aK R Mathur
110 _aK R Mathur
245 _aAdvanced Project Management Skills
250 _alatest edition
260 _bShree Niwas
_c2026
264 _bShree Niwas
_c2026
942 _cBK
999 _c397006
_d397006